5HLuxD.jpg

KING HENRY VIII SENIOR AND PRIMARY SCHOOL LIBRARY OPAC

Oi DUCK-BILLED PLATYPUS! (Record no. 6150)

000 -LEADER
fixed length control field 00890nam a22002057a 4500
005 - DATE AND TIME OF LATEST TRANSACTION
control field 20260318092528.0
008 - FIXED-LENGTH DATA ELEMENTS--GENERAL INFORMATION
fixed length control field 260318b ||||| |||| 00| 0 eng d
020 ## - INTERNATIONAL STANDARD BOOK NUMBER
International Standard Book Number 9781444948530
040 ## - CATALOGING SOURCE
Transcribing agency KH8
082 ## - DEWEY DECIMAL CLASSIFICATION NUMBER
Classification number 823.92
100 ## - MAIN ENTRY--PERSONAL NAME
Personal name GRAY,KES
Relator term AUTHOR
245 ## - TITLE STATEMENT
Title Oi DUCK-BILLED PLATYPUS!
260 ## - PUBLICATION, DISTRIBUTION, ETC.
Place of publication, distribution, etc. Carmelite House,50 Victoria Embankment,London,EC4Y oDZ
Name of publisher, distributor, etc. HODDER CHILDREN'S BOOKS
Date of publication, distribution, etc. 2020
300 ## - PHYSICAL DESCRIPTION
Extent 28 pages
Other physical details Colour illustration
Dimensions 18 cm x 18 cm
520 ## - SUMMARY, ETC.
Summary, etc. Don't miss this hilarious follow-up to Oi Frog!, Oi Dog! and Oi Cat! from the award-winning Kes Gray and Jim Field. A brilliant rhyming read-aloud text, jam-packed with animals and silliness - perfect for children and parents alike. Oi! Where are duck-billed platypuses meant to sit? - Publisher-
650 ## - SUBJECT ADDED ENTRY--TOPICAL TERM
Topical term or geographic name entry element Juvenile Literature
Form subdivision Animals
655 ## - INDEX TERM--GENRE/FORM
Genre/form data or focus term Rhymes
700 ## - ADDED ENTRY--PERSONAL NAME
Personal name Field,Jim
Relator term iLLUSTRATOR
942 ## - ADDED ENTRY ELEMENTS (KOHA)
Source of classification or shelving scheme
Koha item type Books - Fiction
Holdings
Withdrawn status Lost status Source of classification or shelving scheme Damaged status Not for loan Collection code Permanent Location Current Location Shelving location Date acquired Full call number Barcode Date last seen Price effective from Koha item type Public note
          Fiction KH8 Primary School Library KH8 Primary School Library Fiction 2026-03-18 823.92 FIE KHPL000008357 2026-03-18 2026-03-18 Books - Fiction PRIMARY LIBRARY

Powered By KH8 IT Dept